00843nam a2200241 a 450000100060000000300080000600500170001400800410003103500190007204000280009104100080011908200250012710000270015224500430017926000480022230000170027050400510028750500370033860000550037594200120043099900170044295201420045963157BD-RjUL20211209081150.0170128r19611957enk b 001 0 eng  a(BD-RjUL)63285 aDLCcMoSUdBD-RjULbeng aeng a822.33223bMUS 19611 aMuir, Kenneth.918793310aShakespeare's sources /cKenneth Muir. aLondon :bMethuen,c1957 [ reprinted 1961 ] av. ;c23 cm. aIncludes bibliographical references and index. aV. 1 (Comedies and tragedies)--.10aShakespeare, William,d1564-1616xSources.9187935 2ddccBK c63157d63157 00102ddc40718NFICaRUCLbRUCLcReadingd1967-04-04eEuro Pakg15.66l0o822.33 MUS V-1 1961r2017-01-28 00:00:00tC-1w2021-12-09yBK